| 000 | 00620nam a22001817a 4500 | ||
|---|---|---|---|
| 005 | 20171023120357.0 | ||
| 010 | _aENG-120889 | ||
| 020 |
_c399.00 _a9789350095140 |
||
| 035 | _aEN-104421 | ||
| 037 | _bDBAD/PUB | ||
| 082 | _a882 | ||
| 100 | _aPadmanabhan,Manjula | ||
| 245 |
_aHarvest : _cby Manjula Padmanabhan _bwinner of the Onassis award for original theatrical drama / |
||
| 260 |
_aGurugam _bHachette Book Publishing _c2017 |
||
| 270 |
_a4 th & 5th Floors, Corporate Center, Plot N0-94,Sector 44 _bGurugram (Haryana) _e122003 |
||
| 300 |
_axvi,259p. _c22cm(pbk) |
||
| 942 |
_2ddc _cEN _h882 _mPAD |
||
| 999 |
_c146769 _d146769 |
||